La Política inmigratoria de los Estados Unidos: implicaciones en las relaciones internacionales y la soberanía /

Spremljeno u:
Bibliografski detalji
Glavni autor: Orozco, Manuel Salvador
Format: Tekst
Teme:
Oznake: Dodaj oznaku
Bez oznaka, Budi prvi tko označuje ovaj zapis!

MARC

LEADER 00000 a a2200000 04500
001 4268
003
040
090 |a REV0229 (98) 1997  
100 |a Orozco, Manuel Salvador  
245 |a La Política inmigratoria de los Estados Unidos:   |b implicaciones en las relaciones internacionales y la soberanía /  |c Manuel Salvador Orozco 
650 |a RELACIONES INTERNACIONALES  
650 |a POLITICA INTERNACIONAL  
650 |a SOBERANIA  
650 |a MIGRACION  
650 |a MIGRACION INTERNACIONAL  
650 |a POLITICA MIGRATORIA  
773 |g número 98; páginas 9-42  
999 |c 37714  |d 37714